Programa de salud y seguridad en el uso de pesticidas
Este programa sobre salud y seguridad fue diseñado para reducir el alto índice de intoxicación a causa de los pesticidas enNicaragua y que han provocado un elevado número de muertes. El programa contempla los siguientes proyectos: 1-. Proyecto de salud y seguridad en el centro de trabajo: medidas de...
محفوظ في:
| المؤلف الرئيسي: | |
|---|---|
| التنسيق: | نص |
| منشور في: |
Guatemala :
|
| الموضوعات: | |
| الوسوم: |
إضافة وسم
لا توجد وسوم, كن أول من يضع وسما على هذه التسجيلة!
|
MARC
| LEADER | 00000 a a2200000 04500 | ||
|---|---|---|---|
| 001 | 13677 | ||
| 003 | |||
| 040 | |||
| 090 | |a 024700 | ||
| 100 | |a Mooray, Douglas | ||
| 245 | |a Programa de salud y seguridad en el uso de pesticidas | ||
| 260 | |a Guatemala : | ||
| 300 | |a 4 p. | ||
| 520 | |a Este programa sobre salud y seguridad fue diseñado para reducir el alto índice de intoxicación a causa de los pesticidas enNicaragua y que han provocado un elevado número de muertes. El programa contempla los siguientes proyectos: 1-. Proyecto de salud y seguridad en el centro de trabajo: medidas de control en las empresas donde se mezclan químicos, con entrenamiento al personal, e inspecciones de monitoreo de trabajo 2-. Proyecto de entrenamiento médico, monitoreo de enfermedades y alarma de emergencia, así como sistema computarizadode recolección de datos de las enfermedades y, 3-. Proyecto de educaciónde la comunidad para lograr una toma e concienciasobre los riesgos y medidas de seguridad en el uso de pesticidasentre la población rural de Nicaragua. HBQ/mb | ||
| 650 | |a SALUD | ||
| 650 | |a SEGURIDAD LABORAL | ||
| 650 | |a PLAGUICIDAS | ||
| 650 | |a INTOXICACION | ||
| 650 | |a QUIMICOS | ||
| 650 | |a CAPACITACION | ||
| 650 | |a EDUCACION SOBRE SEGURIDAD | ||
| 650 | |a FINANCIAMIENTO | ||
| 999 | |c 16177 |d 16177 | ||
